000 00796nam a22002777a 4500
001 BR7604645
003 BR-BrBNA
005 20230928085126.0
007 ta
008 230509b bl.||||| |||| 00| 0 por d
040 _aBR-BrBNA
_bpor
_cBiblioteca Nacional de Agricultura
041 _a(Por)
072 _aE21; D50
090 _ E21 BR7604645
100 1 _aNeves, J.E.
110 1 _aFederacao da Agricultura do Estado de Minas Gerais, Belo Horizonte (Brasil). Depto. Juridico
_94563
245 1 _aObrigacoes trabalhistas empregador rural
260 3 _aBelo Horizonte, MG (Brasil):
_c1976.
300 _a64 p.
650 _aTRABALHADOR RURAL
650 _aLEGISLACAO TRABALHISTA
650 _aSALARIO
650 _aCONTRATO
909 _a202309
_bLucia
_c55
_dLucia Elande
942 _cBK
999 _c22917
_d22917